000 00331cam a2200145ua 4500
041 _aeng
_h
082 _a821
_bELI/FO
100 _aEliot, T S .
245 _aFour quarters /
_cT S Eliot.
_hTextual Documents
260 _aLondon :
_bFaber and Faber Ltd.
300 _a59 ; .
504 _a
942 _cBK
999 _c5862
_d5862